Vangoginte kootukar/ (Record no. 49086)

000 -LEADER
fixed length control field 00332nam a22001451a 4500
082 ## - DEWEY DECIMAL CLASSIFICATION NUMBER
Classification number M3
Item number JOJ/V
100 ## - MAIN ENTRY--AUTHOR NAME
Personal name Joji
245 ## - TITLE STATEMENT
Title Vangoginte kootukar/
Statement of responsibility, etc by Joji
260 ## - PUBLICATION, DISTRIBUTION, ETC. (IMPRINT)
Place of publication Thrissur:
Name of publisher Nishagandhi,
Year of publication 2000.
300 ## - PHYSICAL DESCRIPTION
Number of Pages 160p.
650 ## - SUBJECT ADDED ENTRY--TOPICAL TERM
Topical Term Novel Malayalam
650 ## - SUBJECT ADDED ENTRY--TOPICAL TERM
Topical Term Literature Malayalam
650 ## - SUBJECT ADDED ENTRY--TOPICAL TERM
Topical Term Literature
942 ## - ADDED ENTRY ELEMENTS (KOHA)
Koha item type Book
Holdings
Withdrawn status Lost status Damaged status Not for loan Permanent Location Current Location Date acquired Cost, normal purchase price Full call number Accession Number Cost, replacement price Price effective from Koha item type
        Sree Sankaracharya University of Sanskrit Sree Sankaracharya University of Sanskrit 08.01.2015 90.00 M3 JOJ/V 025029 0.00 08.01.2015 Book